[Event "FIDE World Rapid Team"]
[Site "London ENG"]
[Date "2025.06.12"]
[Round "8.4"]
[White "Gan-Od, Sereenen"]
[Black "Stein, Theodor"]
[Result "1-0"]
[WhiteTitle "FM"]
[WhiteElo "2320"]
[BlackElo "1877"]
[WhiteTeam "Mongolia-A"]
[BlackTeam "Berlin Lasker Legends"]
[WhiteFideId "4901304"]
[BlackFideId "34602801"]
[EventDate "2025.06.11"]
[EventType "team"]

1. d4 d6 2. Nf3 g6 3. h4 h5 4. Nc3 Bg7 5. Bf4 Nf6 6. Qd2 a6 7. e4 b5 8. e5 dxe5
9. dxe5 Qxd2+ 10. Bxd2 Ng4 11. Nd5 O-O 12. Nxe7+ Kh8 13. Nxc8 Rxc8 14. Ng5 Nxe5
15. O-O-O Kg8 16. g3 c5 17. Be3 Nbc6 18. Bxc5 Bh6 19. Bh3 Bxg5+ 20. hxg5 Rd8 21.
f4 Nc4 22. Bg2 Rac8 23. Bxc6 Rxd1+ 24. Rxd1 Rxc6 25. Rd8+ Kg7 26. Bd4+ f6 27.
gxf6+ Kf7 28. Rd7+ Kf8 29. b3 Nb6 30. Rg7 Nd5 31. Rxg6 h4 32. Kd2 hxg3 33. Rxg3
Nxf6 34. Bxf6 Rxf6 35. Rf3 Ke7 36. f5 Kd6 37. Kc3 Kc5 38. a3 a5 39. Rf4 Kd5 40.
b4 a4 41. Rf2 Ke4 42. Kb2 Kd4 43. Rf1 Kd5 44. Rf3 Kd6 45. c4 bxc4 46. Kc3 Kd5
47. Rf4 Kc6 48. Kxc4 Rh6 49. f6 Rh8 50. f7 Rf8 51. b5+ Kb6 52. Rf6+ Kb7 53. Kb4
Ka7 54. Kxa4 Kb7 55. Kb4 Ka7 56. a4 Kb7 57. a5 Ka7 58. Kc5 Kb7 59. Kd6 Rd8+ 60.
Ke7 Kc7 61. Rc6+ Kb7 62. Kxd8 1-0

[Event "FIDE World Rapid Team"]
[Site "London ENG"]
[Date "2025.06.12"]
[Round "8.5"]
[White "Ho, Ngoc Hai-Dang"]
[Black "Uuriintuya, Uurtsaikh"]
[Result "0-1"]
[BlackTitle "WGM"]
[WhiteElo "1932"]
[BlackElo "2141"]
[WhiteTeam "Berlin Lasker Legends"]
[BlackTeam "Mongolia-A"]
[WhiteFideId "16206509"]
[BlackFideId "4900227"]
[EventDate "2025.06.11"]
[EventType "team"]

1. e4 c5 2. Nf3 g6 3. d4 cxd4 4. Nxd4 Bg7 5. Nc3 Nc6 6. Be3 Nf6 7. Bc4 Qa5 8.
O-O O-O 9. Bb3 d6 10. f3 Bd7 11. Qd2 Rfe8 12. Rad1 Rac8 13. Nxc6 Bxc6 14. Bh6
Qc5+ 15. Be3 Qa5 16. Bd4 a6 17. Qf2 Qc7 18. Rfe1 b5 19. Bb6 Qb8 20. Bd4 a5 21.
a3 a4 22. Bd5 b4 23. Bxc6 Rxc6 24. Nd5 bxa3 25. bxa3 e5 26. Nxf6+ Bxf6 27. Ba1
Qc7 28. Re2 Rc8 29. c3 Rb8 30. Rb2 Rb3 31. Rxb3 axb3 32. Bb2 Bd8 33. Rd5 Qb7 34.
Qe2 Bb6+ 35. Kf1 Bc5 36. Rd1 Ra6 37. Ra1 Ra4 38. Qd3 Qb6 39. Ke2 Bg1 40. Rf1
Bxh2 41. Qd5 Bg1 42. Qd3 Bc5 43. Ra1 Qa5 44. Qd5 Qb5+ 45. Qd3 Qa5 46. Qd5 Qb6
47. Qd3 h5 48. g4 h4 49. c4 Bg1 50. Rf1 h3 51. Rxg1 Qxg1 52. Qxd6 Qg2+ 53. Ke3
Qxb2 0-1

[Event "FIDE World Rapid Team"]
[Site "London ENG"]
[Date "2025.06.12"]
[Round "8.6"]
[White "Han, Qixuan"]
[Black "Schuster, Rebekka"]
[Result "1-0"]
[WhiteElo "1896"]
[BlackElo "1806"]
[WhiteTeam "Mongolia-A"]
[BlackTeam "Berlin Lasker Legends"]
[WhiteFideId "496944"]
[BlackFideId "24674095"]
[EventDate "2025.06.11"]
[EventType "team"]

1. Nf3 e6 2. e3 f5 3. d3 Nf6 4. Nc3 Be7 5. e4 O-O 6. Be2 b6 7. O-O Bb7 8. e5 Nd5
9. Nxd5 Bxd5 10. c4 Bb7 11. d4 d6 12. b3 dxe5 13. Nxe5 Nd7 14. Bb2 c5 15. Nxd7
Qxd7 16. dxc5 Qxd1 17. Raxd1 Bxc5 18. Rd7 Bc6 19. Rxg7+ Kh8 20. Rg3+ 1-0

[Event "FIDE World Rapid Team"]
[Site "London ENG"]
[Date "2025.06.12"]
[Round "8.1"]
[White "Sava, Robert-Gabriel"]
[Black "Hansen, Eric"]
[Result "1/2-1/2"]
[WhiteTitle "CM"]
[BlackTitle "GM"]
[WhiteElo "2121"]
[BlackElo "2609"]
[WhiteTeam "xChess.AI"]
[BlackTeam "ChessbrahTV"]
[WhiteFideId "1265725"]
[BlackFideId "2606771"]
[EventDate "2025.06.11"]
[EventType "team"]

1. b4 e5 2. Bb2 Bxb4 3. Bxe5 Nf6 4. c4 O-O 5. Nf3 Re8 6. e3 d5 7. Be2 c5 8. cxd5
Nxd5 9. O-O Nc6 10. Bb2 Bf5 11. Qc1 b6 12. a3 Ba5 13. Nc3 Bxc3 14. Bxc3 Nf4 15.
Bb5 Bd3 16. Bxd3 Nxd3 17. Qc2 Qd5 18. Ne1 Nde5 19. f4 Nc4 20. Nf3 Rad8 21. Rfc1
Nd6 22. Ng5 f5 23. Re1 h6 24. Nf3 Ne4 25. Rad1 Qc4 26. Rc1 Rd7 27. Bb2 Qd3 28.
Qxd3 Rxd3 29. Rc2 Red8 30. Bc1 g5 31. fxg5 hxg5 32. Rf1 R8d5 33. Ne1 Rb3 34. d4
Rc3 35. dxc5 Rdxc5 36. Rxc3 Nxc3 37. Bb2 Ne4 38. Nf3 Rb5 39. Ba1 Rc5 40. Nd4 Ne7
41. Bb2 Nd2 42. Rc1 Nc4 43. Nb3 Rc6 44. Nd4 Rc8 45. Rc2 Nxe3 46. Rxc8+ Nxc8 47.
Bc1 f4 48. Ne6 Ne7 49. Nxg5 Ng6 50. Ne6 Nd5 51. Kf2 Kf7 52. Nd4 Kf6 53. Ke2 a6
54. Kd3 Ke5 55. Nf3+ Kf5 56. Kd4 Nge7 57. Ne5 Ke6 58. Nd3 Kf5 59. Ne5 Ke6 60.
Nd3 Kf5 61. Ne5 Ke6 1/2-1/2

[Event "FIDE World Rapid Team"]
[Site "London ENG"]
[Date "2025.06.12"]
[Round "8.2"]
[White "Ragnarsson, Dagur"]
[Black "Rusu, Lucas"]
[Result "1-0"]
[WhiteTitle "IM"]
[WhiteElo "2349"]
[BlackElo "2038"]
[WhiteTeam "ChessbrahTV"]
[BlackTeam "xChess.AI"]
[WhiteFideId "2304058"]
[BlackFideId "42206472"]
[EventDate "2025.06.11"]
[EventType "team"]

1. e4 c5 2. d4 cxd4 3. Qxd4 Nc6 4. Qd3 g6 5. Nc3 Bg7 6. Nf3 d6 7. Be2 Nf6 8. O-O
O-O 9. Nd5 Bg4 10. c3 Rc8 11. Bg5 Nd7 12. Qe3 Re8 13. h3 Bxf3 14. Bxf3 b6 15.
Be2 Nce5 16. Ba6 Rc5 17. b4 Rc6 18. Qe2 h6 19. Bd2 e6 20. Ne3 Rc7 21. f4 Nc6 22.
Rac1 Ne7 23. Bb5 Qa8 24. Qd3 d5 25. e5 Rec8 26. Ba6 Rd8 27. Nc2 Nb8 28. Bb5 a6
29. Ba4 b5 30. Bb3 Nbc6 31. Be3 Qb7 32. Bc5 Rcd7 33. Nd4 Nxd4 34. cxd4 Nc6 35.
g4 Bf8 36. f5 Bxc5 37. Rxc5 exf5 38. gxf5 Ne7 39. f6 Nf5 40. Rxf5 gxf5 41. Qg3+ 1-0

[Event "FIDE World Rapid Team"]
[Site "London ENG"]
[Date "2025.06.12"]
[Round "8.3"]
[White "Badescu, Matei-Andrei"]
[Black "Delaney, Killian"]
[Result "0-1"]
[BlackTitle "FM"]
[WhiteElo "1947"]
[BlackElo "2275"]
[WhiteTeam "xChess.AI"]
[BlackTeam "ChessbrahTV"]
[WhiteFideId "42213096"]
[BlackFideId "2501570"]
[EventDate "2025.06.11"]
[EventType "team"]

1. e4 c6 2. d4 d5 3. exd5 cxd5 4. Bd3 Nc6 5. c3 Qc7 6. h3 Nf6 7. Nf3 g6 8. O-O
Bf5 9. Be2 Bg7 10. Be3 O-O 11. Nbd2 Rab8 12. Nb3 b6 13. Qc1 Ne4 14. Bf4 e5 15.
dxe5 Nxe5 16. Nbd4 Bd7 17. Nxe5 Bxe5 18. Bxe5 Qxe5 19. Bf3 f5 20. Bd1 b5 21. Re1
b4 22. Bb3 bxc3 23. bxc3 Qd6 24. Nf3 Rbc8 25. Rd1 Be6 26. Qh6 Rfd8 27. Rd3 Rxc3
28. Rxc3 Nxc3 29. Ng5 Qe7 30. Re1 Ne4 31. h4 Nxg5 32. hxg5 Qf7 33. Qh2 f4 34.
Rc1 Qf5 35. Qh6 Qe5 36. Kh1 Rc8 37. Rxc8+ Bxc8 38. f3 Qe1+ 39. Kh2 Be6 40. Ba4
d4 41. Bc2 Qe5 42. Qh4 Bxa2 43. Qf2 Bc4 44. Be4 Bd5 45. Bxd5+ Qxd5 46. Qd2 Qd6
47. Qa2+ Kf8 48. Qxa7 d3 49. Qa8+ Kf7 50. Qa2+ Ke7 51. Qa7+ Ke6 52. Qa2+ Kf5 53.
Qa5+ Qe5 54. Qd8 Qc3 55. Qd5+ Qe5 56. Qd8 d2 57. Qxd2 Kxg5 58. Qd8+ Kh6 59. Qf8+
Kh5 60. Qf7 h6 61. Qd7 Qg5 62. Qc8 Qh4+ 63. Kg1 Qe1+ 64. Kh2 Qh4+ 65. Kg1 Qg3
66. Qc5+ Qg5 67. Qc8 Qf5 68. Qc7 Kh4 69. Qe7+ Qg5 70. Qe6 Qf5 71. Qe7+ g5 72.
Qe1+ Kh5 73. Qe8+ Qg6 74. Qd7 g4 75. Kh2 gxf3 76. Qh3+ Kg5 77. Qxf3 Qh5+ 78. Kg1
Qxf3 79. gxf3 Kf5 80. Kg2 Ke5 81. Kh3 Kd4 82. Kh4 Ke3 83. Kg4 h5+ 0-1

[Event "FIDE World Rapid Team"]
[Site "London ENG"]
[Date "2025.06.12"]
[Round "8.4"]
[White "Vincent, Trevor"]
[Black "Sava, Christiansen-Danut-Eugen"]
[Result "1-0"]
[BlackTitle "FM"]
[WhiteElo "2226"]
[BlackElo "2002"]
[WhiteTeam "ChessbrahTV"]
[BlackTeam "xChess.AI"]
[WhiteFideId "2605600"]
[BlackFideId "1210114"]
[EventDate "2025.06.11"]
[EventType "team"]

1. Nf3 d5 2. d4 Nf6 3. c4 c6 4. Nc3 e6 5. g3 Nbd7 6. Bg2 Be7 7. O-O O-O 8. Qd3
b6 9. e4 dxe4 10. Nxe4 Bb7 11. Rd1 c5 12. Nfg5 Nxe4 13. Nxe4 f5 14. dxc5 Bxe4
15. Qxd7 Qxd7 16. Rxd7 Bxc5 17. Bxe4 fxe4 18. Be3 Rac8 19. Bxc5 Rxc5 20. Rd4 b5
21. Rc1 Rcf5 22. Rc2 e3 23. fxe3 Rf1+ 24. Kg2 bxc4 25. Rdxc4 Re1 26. Re4 g5 27.
Rxe6 g4 28. h3 gxh3+ 29. Kxh3 Rf7 30. Kg2 Kg7 31. b3 Rd7 32. Rf2 a5 33. Re4 Rd3
34. Kf3 Rd5 35. Re2 Rf1+ 36. Kg2 Ra1 37. Rf4 Rdd1 38. e4 Rg1+ 39. Kf3 Raf1+ 40.
Kg4 Rd1 41. e5 h5+ 42. Kh4 a4 43. e6 Kg6 44. g4 Rh1+ 45. Kg3 hxg4 46. Rxg4+ Kf5
47. e7 Rdg1+ 48. Kf3 Rxg4 49. e8=Q Rh3+ 50. Kf2 Rgg3 51. Qe6+ 1-0

[Event "FIDE World Rapid Team"]
[Site "London ENG"]
[Date "2025.06.12"]
[Round "8.5"]
[White "Badescu, Eliza-Ioana"]
[Black "Garcia Martin, Marta"]
[Result "0-1"]
[BlackTitle "IM"]
[WhiteElo "1832"]
[BlackElo "2339"]
[WhiteTeam "xChess.AI"]
[BlackTeam "ChessbrahTV"]
[WhiteFideId "42214890"]
[BlackFideId "32084030"]
[EventDate "2025.06.11"]
[EventType "team"]

1. e4 g6 2. d4 Bg7 3. Nf3 d6 4. Nc3 a6 5. a4 Nc6 6. Bc4 Nf6 7. Bb3 Bg4 8. Be3
O-O 9. h3 Bxf3 10. Qxf3 Nd7 11. O-O-O e5 12. Ne2 exd4 13. Nxd4 Nce5 14. Qe2 Nc5
15. Bf4 Qf6 16. Qe3 Ned3+ 17. cxd3 Qxd4 18. Bc2 Qxb2+ 19. Kd2 Nb3+ 20. Ke1 Qxc2
21. Bh6 Bc3+ 22. Kf1 Qxd1+ 23. Qe1 Qxe1# 0-1

[Event "FIDE World Rapid Team"]
[Site "London ENG"]
[Date "2025.06.12"]
[Round "8.6"]
[White "Stojsin, Nikola"]
[Black "Platschek, Luca"]
[Result "1-0"]
[WhiteElo "1716"]
[BlackElo "1626"]
[WhiteTeam "ChessbrahTV"]
[BlackTeam "xChess.AI"]
[WhiteFideId "39923894"]
[BlackFideId "1289888"]
[EventDate "2025.06.11"]
[EventType "team"]

1. e4 a6 2. d4 b5 3. Bd3 Bb7 4. Qe2 e6 5. f4 c5 6. c3 cxd4 7. cxd4 Nc6 8. Nf3
Nb4 9. O-O Nxd3 10. Qxd3 Nf6 11. e5 Nd5 12. a3 h6 13. f5 Ne7 14. fxe6 dxe6 15.
Be3 Nf5 16. Nc3 Be7 17. Bf2 Bxf3 18. Qxf3 O-O 19. d5 Nh4 20. Qe4 exd5 21. Nxd5
Ng6 22. Rad1 Qb8 23. Bg3 Bc5+ 24. Kh1 Qa7 25. e6 f5 26. Rxf5 Rae8 27. Rdf1 Ne7
28. Rxf8+ Rxf8 29. Rxf8+ Kxf8 30. Qf4+ Kg8 31. Qf7+ Kh7 32. Nf6+ 1-0

[Event "FIDE World Rapid Team"]
[Site "London ENG"]
[Date "2025.06.12"]
[Round "8.1"]
[White "Schneider, Ilja"]
[Black "Ghasi, Ameet K"]
[Result "1/2-1/2"]
[WhiteTitle "IM"]
[BlackTitle "GM"]
[WhiteElo "2417"]
[BlackElo "2513"]
[WhiteTeam "Berlin Chess Federation"]
[BlackTeam "Sharks 4NCL"]
[WhiteFideId "4663306"]
[BlackFideId "409200"]
[EventDate "2025.06.11"]
[EventType "team"]

1. e4 c6 2. d4 d5 3. exd5 cxd5 4. c4 Nf6 5. Nc3 Nc6 6. Nf3 a6 7. cxd5 Nxd5 8.
Bc4 e6 9. O-O Be7 10. Re1 O-O 11. Qd3 Bf6 12. Ne4 Na5 13. Nxf6+ Nxf6 14. Bg5
Nxc4 15. Qxc4 Qd5 16. Qc5 Qxc5 17. dxc5 Nd5 18. Nd2 f6 19. Be3 Bd7 20. a3 a5 21.
Nc4 a4 22. Bd2 e5 23. Rad1 Bc6 24. g3 g5 25. f3 Kf7 26. Kf2 Kg6 27. h4 h6 28.
Nd6 Rad8 29. g4 Ne7 30. Rh1 Rd7 31. Be3 f5 32. hxg5 hxg5 33. Rh5 f4 34. Bd2 Ng8
35. Rdh1 Rfd8 36. Bc3 Re7 37. Nc4 Rd3 38. R1h3 e4 39. fxe4 Rxh3 40. Rxh3 Nh6 41.
Ne5+ Rxe5 42. Rxh6+ Kxh6 43. Bxe5 Bxe4 44. Bf6 Kg6 45. Bd8 Bc2 46. Kg2 Bd1 47.
Kh3 Be2 48. Be7 Bb5 49. Bd8 Bd7 50. Be7 f3 51. c6 Bxg4+ 52. Kxg4 f2 53. cxb7
f1=Q 54. b8=Q Qg2+ 55. Qg3 Qe4+ 56. Kh3 Qh1+ 57. Qh2 Qf3+ 58. Qg3 Qh1+ 59. Qh2
Qf3+ 60. Qg3 Qh5+ 61. Kg2 Qe2+ 62. Qf2 Qxe7 63. Qc2+ Kh6 64. Qxa4 Qe2+ 65. Kg3
Qe3+ 66. Kg4 Qe2+ 67. Kg3 Qe3+ 68. Kg4 Qe2+ 69. Kf5 Qf2+ 70. Ke6 Qxb2 71. Qb4
Qe2+ 72. Kf5 Qf3+ 73. Ke5 Qe3+ 74. Kf5 Qf3+ 75. Ke5 Qe3+ 76. Kf5 Qf3+ 77. Ke5 1/2-1/2

[Event "FIDE World Rapid Team"]
[Site "London ENG"]
[Date "2025.06.12"]
[Round "8.2"]
[White "Roberson, Peter T"]
[Black "Fromm, Marius"]
[Result "0-1"]
[WhiteTitle "IM"]
[BlackTitle "IM"]
[WhiteElo "2433"]
[BlackElo "2444"]
[WhiteTeam "Sharks 4NCL"]
[BlackTeam "Berlin Chess Federation"]
[WhiteFideId "412384"]
[BlackFideId "12993190"]
[EventDate "2025.06.11"]
[EventType "team"]

1. e4 e6 2. d4 d5 3. exd5 exd5 4. Nf3 Nc6 5. Bd3 Nb4 6. O-O Nxd3 7. Qxd3 Bd6 8.
Re1+ Ne7 9. Nbd2 O-O 10. Nf1 Nf5 11. Bg5 f6 12. Bd2 c6 13. c3 Bd7 14. Ng3 Nxg3
15. hxg3 Qc7 16. Nh4 Rfe8 17. Nf5 Bf8 18. g4 Rxe1+ 19. Rxe1 Re8 20. Rxe8 Bxe8
21. Qe2 Qd7 22. f3 Bg6 23. Ng3 Bd6 24. Nh5 Qe7 25. Kf2 Qxe2+ 26. Kxe2 Bb1 27. a3
Kf7 28. Bf4 Bf8 29. Bg3 Ke6 30. Nf4+ Kd7 31. Nd3 b6 32. Bf4 a5 33. g5 Bxd3+ 34.
Kxd3 fxg5 35. Bxg5 a4 36. g4 g6 37. Ke2 h5 38. Kf2 Bd6 39. Kg2 c5 40. dxc5 bxc5
41. Be3 Kc6 42. gxh5 gxh5 43. Kh3 Be7 44. f4 Bf6 45. f5 d4 46. cxd4 cxd4 47. Bd2
Kd5 48. Kg3 Ke4 49. Kf2 d3 50. Bc3 Kxf5 51. Ke3 Bxc3 52. bxc3 h4 0-1

[Event "FIDE World Rapid Team"]
[Site "London ENG"]
[Date "2025.06.12"]
[Round "8.3"]
[White "Florstedt, Johannes"]
[Black "Rendle, Thomas E"]
[Result "0-1"]
[WhiteTitle "FM"]
[BlackTitle "IM"]
[WhiteElo "2391"]
[BlackElo "2370"]
[WhiteTeam "Berlin Chess Federation"]
[BlackTeam "Sharks 4NCL"]
[WhiteFideId "12922293"]
[BlackFideId "408760"]
[EventDate "2025.06.11"]
[EventType "team"]

1. e4 e5 2. Nf3 Nc6 3. Nc3 Nf6 4. d4 exd4 5. Nxd4 Bb4 6. Nxc6 bxc6 7. Bd3 O-O 8.
O-O Re8 9. Bg5 h6 10. Bh4 d5 11. exd5 g5 12. Bg3 cxd5 13. Nb5 Ba5 14. c4 dxc4
15. Bxc4 Be6 16. Bxe6 Rxe6 17. Qf3 Ne4 18. Rad1 Qe7 19. Nd4 Rf6 20. Qe2 Re8 21.
Qb5 Nxg3 22. hxg3 Bb6 23. Nf5 Qe5 24. Rd5 Qe2 25. Qb3 c6 26. Nxh6+ Rxh6 27.
Rxg5+ Kf8 28. Qb4+ Re7 29. Rc1 Qxf2# 0-1

[Event "FIDE World Rapid Team"]
[Site "London ENG"]
[Date "2025.06.12"]
[Round "8.4"]
[White "Moreby, James"]
[Black "Schulze, Lara"]
[Result "1/2-1/2"]
[WhiteTitle "FM"]
[BlackTitle "FM"]
[WhiteElo "2320"]
[BlackElo "2317"]
[WhiteTeam "Sharks 4NCL"]
[BlackTeam "Berlin Chess Federation"]
[WhiteFideId "427756"]
[BlackFideId "12956830"]
[EventDate "2025.06.11"]
[EventType "team"]

1. c4 e5 2. Nc3 Nf6 3. Nf3 Nc6 4. d3 d5 5. cxd5 Nxd5 6. g3 Be7 7. Bg2 Be6 8. O-O
O-O 9. Bd2 Re8 10. Rc1 h6 11. Ne4 Qd7 12. Nc5 Bxc5 13. Rxc5 Qd6 14. Qc1 Nd4 15.
Nxd4 exd4 16. Rc4 Qe5 17. Re1 c6 18. Ra4 Nb6 19. Ra5 Bd5 20. Qc5 Nd7 21. Qa3 a6
22. Bf4 Qe6 23. Bxd5 cxd5 24. Ra4 Ne5 25. Bxe5 Qxe5 26. Qc5 b5 27. Rxd4 Red8 28.
e3 Rac8 29. Qa7 Rc2 30. Qxa6 Rxb2 31. Qa3 Rc2 32. Qb3 Rc5 33. Rf4 Qc7 34. Rb4
Qc6 35. d4 Rc3 36. Qb1 Rc2 37. Rb2 Rxb2 38. Qxb2 Ra8 39. Rb1 b4 40. Qxb4 Rxa2
41. Qb5 Qc2 42. Rf1 Qe4 43. Qb1 Rc2 44. Qb3 Re2 45. Qb5 Rd2 46. Ra1 Qf3 47. Qf1
Kh7 48. Qg2 Qf5 49. g4 Qc2 50. Rf1 Rd1 51. Qf3 Rxf1+ 52. Kxf1 Kg8 53. Kg2 Qc4
54. h4 g6 55. Qf6 Qe2 56. Kg3 Qc4 57. h5 Qc7+ 58. Qf4 Qc1 59. hxg6 Qg1+ 60. Kf3
Qh1+ 61. Ke2 fxg6 62. Qb8+ Kf7 63. Qc7+ Kf6 64. Qd8+ Ke6 65. Qe8+ Kf6 66. Qh8+
Kg5 67. Qe5+ Kxg4 68. Qf4+ Kh5 69. Qf3+ Qxf3+ 70. Kxf3 Kg5 71. e4 dxe4+ 72. Kxe4
Kf6 73. f4 Ke6 74. d5+ Kd6 75. f5 gxf5+ 76. Kxf5 Kxd5 77. Kg6 h5 78. Kg5 h4 79.
Kxh4 Ke5 1/2-1/2

[Event "FIDE World Rapid Team"]
[Site "London ENG"]
[Date "2025.06.12"]
[Round "8.5"]
[White "Rath, Alina"]
[Black "Hryshchenko, Kamila"]
[Result "0-1"]
[WhiteTitle "CM"]
[BlackTitle "WFM"]
[WhiteElo "2019"]
[BlackElo "2097"]
[WhiteTeam "Berlin Chess Federation"]
[BlackTeam "Sharks 4NCL"]
[WhiteFideId "24607886"]
[BlackFideId "14147491"]
[EventDate "2025.06.11"]
[EventType "team"]

1. c4 d6 2. Nc3 e5 3. g3 c6 4. Bg2 f5 5. d3 Nf6 6. e4 Be7 7. Nge2 fxe4 8. dxe4
Be6 9. b3 Na6 10. O-O O-O 11. h3 Qa5 12. Bd2 Qc7 13. Be3 Rad8 14. f4 b6 15. Rc1
Qb8 16. Qd2 d5 17. cxd5 cxd5 18. Nxd5 Bxd5 19. exd5 e4 20. Bd4 Rxd5 21. Qe3 Bc5
22. Bxe4 Rxd4 23. Nxd4 Re8 24. Bxh7+ Kxh7 25. Qd3+ Kh8 26. Qxa6 Bxd4+ 27. Kh2
Qa8 28. Qd3 Bc5 29. Rce1 Rd8 30. Qc2 Qc6 31. Re2 Qd5 32. Qg6 Qd3 33. Qxd3 Rxd3
34. Kg2 Nd5 35. Rfe1 Ne3+ 36. Kh2 Nf5 37. Rg2 Bd6 38. Re4 g5 39. Re8+ Kg7 40.
Re4 Rf3 41. Rd2 gxf4 42. g4 Re3 43. Rc4 f3+ 44. Kg1 Bg3 45. Rd7+ Ne7 46. Rc1 Kf6
47. Kf1 f2 48. Rdd1 Re1+ 49. Rxe1 fxe1=Q+ 50. Rxe1 Bxe1 51. Kxe1 Ng6 52. Kf2 a6
53. Kg3 Kg5 54. a3 Nh4 55. b4 b5 56. Kf2 Kf4 57. Ke2 Ke4 58. Kf2 Ng6 59. Kg3 Ne5
60. h4 Nc4 61. h5 Ke5 62. g5 Kf5 63. g6 Kf6 64. Kf4 Nxa3 65. Ke4 Nc2 0-1

[Event "FIDE World Rapid Team"]
[Site "London ENG"]
[Date "2025.06.12"]
[Round "8.6"]
[White "Morea, Georgiana-Steluta"]
[Black "Ziems, Michael"]
[Result "1/2-1/2"]
[WhiteElo "1920"]
[BlackElo "1904"]
[WhiteTeam "Sharks 4NCL"]
[BlackTeam "Berlin Chess Federation"]
[WhiteFideId "1204319"]
[BlackFideId "24678490"]
[EventDate "2025.06.11"]
[EventType "team"]

1. c4 e6 2. Nc3 d5 3. d4 Nf6 4. Nf3 Be7 5. Bg5 a6 6. e3 dxc4 7. Bxc4 b5 8. Bd3
Bb7 9. O-O Nbd7 10. Rc1 c5 11. a3 Rc8 12. Qe2 O-O 13. Rfd1 c4 14. Bb1 Re8 15. e4
h6 16. Bh4 Nf8 17. Bg3 Qb6 18. h3 Rcd8 19. Rd2 Nh5 20. Bh2 Nf6 21. Rcd1 a5 22.
Ne5 N8d7 23. f4 Ba6 24. Qf3 Nf8 25. Kh1 Bb7 26. Bg1 Ba6 27. Bf2 Qc7 28. f5 exf5
29. Qxf5 b4 30. axb4 axb4 31. Nd5 Nxd5 32. Qxf7+ Kh8 33. exd5 Bd6 34. Qxc7 Bxc7
35. Nf7+ Kg8 36. Nxd8 Rxd8 37. Be4 Bf4 38. Rc2 Bb5 39. g3 Bg5 40. Kg2 Ba4 41. h4
Bxc2 42. Bxc2 Bf6 43. Be4 Nd7 44. Rc1 Nb6 45. Bf5 Kf8 46. Be6 Ke7 47. Be1 Nxd5
48. Bxd5 Rxd5 49. Rxc4 Bxd4 50. Bxb4+ Ke6 51. Bc3 Bxc3 52. bxc3 g5 53. Rc6+ Kf5
54. Rxh6 Rd2+ 55. Kf3 Rd3+ 56. Kf2 gxh4 57. Rxh4 Rxc3 58. Ra4 Rc5 59. Kf3 Rc3+
60. Kg2 Rc5 61. Kh3 Kg5 62. Rg4+ Kh5 63. Ra4 Kg5 64. Ra8 Rb5 65. Rg8+ Kh6 66.
Kh4 Kh7 67. Ra8 Kg6 68. Ra6+ Kg7 69. g4 Rb7 70. Kh5 Rc7 71. g5 Rb7 72. Rg6+ Kh7
73. Rh6+ Kg7 74. Ra6 Rc7 75. Ra2 Rb7 76. Ra5 Rc7 77. Ra6 Rb7 78. Kg4 Rb4+ 79.
Kf5 Rb5+ 80. Kg4 Rb4+ 81. Kh5 Rb7 82. Rc6 Ra7 83. Rb6 Rc7 84. Ra6 Rb7 1/2-1/2

[Event "FIDE World Rapid Team"]
[Site "London ENG"]
[Date "2025.06.12"]
[Round "8.1"]
[White "Wu, Li"]
[Black "Zakarian, David"]
[Result "1/2-1/2"]
[WhiteTitle "FM"]
[BlackTitle "FM"]
[WhiteElo "2278"]
[BlackElo "2301"]
[WhiteTeam "Chess Rising Stars"]
[BlackTeam "ANI"]
[WhiteFideId "411086"]
[BlackFideId "13301276"]
[EventDate "2025.06.11"]
[EventType "team"]

1. d4 Nf6 2. c4 c5 3. d5 Ne4 4. f3 Qa5+ 5. Nd2 Nd6 6. e4 g6 7. Bd3 Bg7 8. Ne2 b5
9. O-O Ba6 10. cxb5 Bxb5 11. Nb3 Qb6 12. Bxb5 Nxb5 13. Be3 d6 14. Nd2 Qa6 15.
Nc4 Nd4 16. Qd3 Nxe2+ 17. Qxe2 O-O 18. Kf2 Nd7 19. Rfb1 Rab8 20. Bd2 Rb7 21. Na5
Qxe2+ 22. Kxe2 Rxb2 23. Rxb2 Bxb2 24. Rb1 Bf6 25. Rb7 Nb6 26. Rxa7 Ra8 27. Rxa8+
Nxa8 28. Nc4 Kf8 29. Ba5 Ke8 30. f4 Bd4 31. e5 dxe5 32. fxe5 Kd7 33. Kd3 e6 34.
Ke4 f6 35. exf6 Bxf6 36. g4 Bd4 37. a4 exd5+ 38. Kxd5 Nc7+ 39. Bxc7 Kxc7 40. h3
Kb7 41. Nd6+ Kb6 42. Ne4 Be3 43. a5+ Kxa5 44. Nxc5 h5 1/2-1/2

[Event "FIDE World Rapid Team"]
[Site "London ENG"]
[Date "2025.06.12"]
[Round "8.2"]
[White "Kiremitciyan, Ari"]
[Black "Cumming, Rhys"]
[Result "1-0"]
[WhiteTitle "FM"]
[BlackTitle "FM"]
[WhiteElo "2271"]
[BlackElo "2285"]
[WhiteTeam "ANI"]
[BlackTeam "Chess Rising Stars"]
[WhiteFideId "6373445"]
[BlackFideId "470163"]
[EventDate "2025.06.11"]
[EventType "team"]

1. Nf3 Nf6 2. g3 g6 3. b3 Bg7 4. Bb2 d6 5. c4 e5 6. d3 O-O 7. Bg2 Nc6 8. O-O h6
9. a3 a5 10. Nbd2 Be6 11. Qc2 Qd7 12. Rfe1 Bh3 13. Bh1 Nh5 14. e4 f5 15. Nh4 Kh7
16. exf5 gxf5 17. Qd1 Nf6 18. Nf1 Rae8 19. Ne3 Ne7 20. d4 f4 21. Neg2 f3 22.
Qxf3 e4 23. Qd1 Ng4 24. Re2 e3 25. Nxe3 Nxe3 26. Rxe3 Nf5 27. Nxf5 Qxf5 28. Rf3
Qg6 29. Rxf8 Rxf8 30. Qd2 h5 31. Re1 Bh6 32. Re7+ Kh8 33. d5+ Kg8 34. Qe1 Qc2
35. Re2 Qf5 36. Be4 Qf7 37. Qc3 Bg7 38. Qxg7+ Qxg7 39. Bxg7 Kxg7 40. Bg2 Bf5 41.
Re7+ Rf7 42. Rxf7+ Kxf7 43. f4 Bc2 44. b4 axb4 45. axb4 Bb3 46. Bf1 b5 47. cxb5
Bxd5 48. Kf2 Kf6 49. h3 Be6 50. Be2 Kg6 51. g4 hxg4 52. hxg4 Bd7 53. Bd3+ Kf6
54. g5+ Ke6 55. Ke3 Kd5 56. Be4+ Ke6 57. Bc6 Bc8 58. Ke4 Kf7 59. f5 Kg7 60. Kf4
Kf7 61. Bd5+ Kg7 62. f6+ Kg6 63. Kg3 Bf5 64. Kh4 Bd3 65. Bc6 Kf7 66. Kh5 Bc4 67.
Be4 d5 68. Bg6+ Kf8 69. Bf5 Kf7 70. Kg4 d4 71. Kf4 Bxb5 72. Ke4 d3 73. Ke3 Bc4
74. Bxd3 Bb3 75. Kf4 Ba2 76. Ke5 Bb3 77. g6+ Kf8 78. g7+ Ke8 79. Bg6+ 1-0

[Event "FIDE World Rapid Team"]
[Site "London ENG"]
[Date "2025.06.12"]
[Round "8.3"]
[White "Navrotescu, Andreea"]
[Black "Stepanyan, Henrik"]
[Result "1-0"]
[WhiteTitle "WGM"]
[WhiteElo "2333"]
[BlackElo "2200"]
[WhiteTeam "Chess Rising Stars"]
[BlackTeam "ANI"]
[WhiteFideId "675946"]
[BlackFideId "401030"]
[EventDate "2025.06.11"]
[EventType "team"]

1. d4 d5 2. c4 e6 3. Nc3 c5 4. cxd5 exd5 5. Nf3 Nc6 6. g3 Nf6 7. Bg2 Be7 8. O-O
O-O 9. Bg5 c4 10. b3 Qa5 11. Na4 h6 12. Bd2 Qa6 13. Nc5 Bxc5 14. dxc5 Be6 15. b4
Qa3 16. Qc1 Qa4 17. Qb2 Ne4 18. b5 Ne7 19. Nd4 Nxc5 20. Bc3 Rfd8 21. Rfd1 a6 22.
Rab1 axb5 23. Nxb5 Qxa2 24. Bxg7 Qxb2 25. Bxb2 Bf5 26. Ra1 Rxa1 27. Bxa1 Be4 28.
Bf6 Kf8 29. f3 Bc2 30. Rd2 Ba4 31. Nc3 Bc6 32. e4 Nd3 33. exd5 Bxd5 34. Re2 Be6
35. f4 Rd7 36. Ra2 Nc8 37. Ra8 Rc7 38. Rb8 Nc5 39. Nb5 Nd7 40. Ra8 Nxf6 41. Nxc7
Ke7 42. Nxe6 Nb6 43. Rb8 fxe6 44. Rxb7+ Nbd7 45. Rc7 Kd6 46. Rxc4 e5 47. Rc6+
Ke7 48. f5 h5 49. h3 Kf7 50. Kf2 Kg7 51. Re6 Kh6 52. h4 Kg7 53. Bc6 Nc5 54. Re7+
Kh6 55. Ke2 Nb3 56. Kd3 Nd4 57. Be4 Ng4 58. Rb7 Nf2+ 59. Ke3 Ng4+ 60. Kd2 Nf6
61. Bb1 e4 62. Rf7 Ng4 63. Bxe4 Ne5 64. Rb7 Ng4 65. Bb1 Nf3+ 66. Ke2 Nd4+ 67.
Kd2 Nf3+ 68. Kc3 Ng1 69. f6 Nxf6 70. Rf7 Ne2+ 71. Kc4 1-0